000 00712nam a2200241Ia 4500
003 OSt
005 20220928102217.0
006 a|||||r|||| 00| 0
007 ta
008 220927b |||||||| |||| 00| 0 eng d
024 _a39989
037 _cTextual
040 _aSDCL
_cSDCL
_beng
041 _2eng
_aeng
082 _aXM2.5932'N9, N2
100 _aCsepeli Gyorgy
_9397157
245 0 _aIdeology and political beliefs in hungary
_b The twilight of state socialism
260 _aLondon
_bPinter Publishers
_c1992
300 _a148p
_ccm.
700 _a Orkeny Antal
_9397158
942 _hXM2.5932'N9, N2
_cTEXL
_2CC
999 _c712953
_d712953